00314nam a2200121Ia 4500008004100000082001500041100001700056245006400073250000800137260003000145300000900175650000800184191201s2008 xx 000 0 und d a657.3bSEF aSEHGAL,Ashok 0aIntroduction to Financial Accounting Comprehensive Problems a3rd aN. DelhibTaxmann,sc2008 aMISC aBBA